000 00462nam a2200169Ia 4500
008 240729s9999 xx 000 0 und d
022 _a2052-2975
245 0 _aNew Microbes and New Infections
260 _aUnited Kingdom
260 _bElsevier
650 _a Infectious and parasitic diseases
650 _a Internal medicine
650 _aMedicine
856 _uhttps://doaj.org/toc/670b2c36ca8d41cf99c03b89e2704392
942 _2ddc
942 _cDOAJEJ
999 _c70214
_d70214
945 _a1
_bMadushi Gamage
_c1
_dMadushi Gamage